[Event "World Cup 2009"]
[Site "Khanty-Mansiysk"]
[Date "2009.11.28"]
[Round "3.2"]
[White "Shirov, Alexei"]
[Black "Tomashevsky, Evgeny"]
[Result "1-0"]
[WhiteElo "2719"]
[BlackElo "2708"]
[PlyCount "81"]
[EventDate "2009.11.20"]
[WhiteTeam "Espana"]
[BlackTeam "Russia"]
[WhiteTeamCountry "ESP"]
[BlackTeamCountry "RUS"]

1. e4 e5 2. Nf3 Nc6 3. Bb5 a6 4. Ba4 Nf6 5. O-O b5 6. Bb3 Bb7 7. c3 Nxe4 8. d4
Na5 9. Bc2 exd4 10. b4 Nc4 11. Bxe4 Bxe4 12. Re1 d5 13. Nxd4 c5 14. bxc5 Bxc5
15. f3 O-O 16. fxe4 dxe4 17. Rxe4 Qd5 18. Qf3 Ne5 19. Qf5 Rae8 20. Nd2 g6 21.
Qf4 b4 22. Bb2 bxc3 23. Bxc3 Nc6 24. Kh1 Bxd4 25. Rxd4 Nxd4 26. Bxd4 Re2 27.
Nf3 f6 28. h3 Re4 29. Qd2 Rd8 30. Rd1 Re6 31. Qc3 Qc6 32. Qb3 Rdd6 33. Rb1 Kg7
34. Qb8 Re7 35. Be3 Rdd7 36. Rb6 Qc3 37. Bf4 a5 38. Kh2 Qc4 39. Bg3 Re6 40. Rb2
Re2 41. Bd6 1-0